00193nam a2200073Ia 4500008004100000100001400041245004000055260002400095120527s9999 xx 000 0 und d aAyeni,R.O aIntroduction to University Maths 1. bMagbagbe Press Ltd.